| 000 | 03247nam0a2200409 4500 | ||
|---|---|---|---|
| 001 | RU\NLR\BIBL_A\022598556 | ||
| 005 | 20251120101750.0 | ||
| 010 |
_a978-5-6054215-1-1 _9100 |
||
| 021 |
_aRU _bКН-П-25-035388 _9КН-П-25-3488 |
||
| 035 | _a(NLR Aleph) 022598556 | ||
| 090 |
_a13464772 _c13464772 |
||
| 100 | _a20250808d2025 u y0rusy50 ca | ||
| 101 | 0 | _arus | |
| 102 | _aRU | ||
| 105 | _aa|||j|||000yy | ||
| 181 | 0 |
_ai3 _baxxe |
|
| 182 | 0 | _an | |
| 200 | 1 |
_aКишечная и нутритивная недостаточность у пациентов геронтологического возраста с заболеваниями суставов на фоне сахарного диабета II типа при операциях эндопротезирования _eучебное пособие _fС. И. Кирилина, Е. Ю. Иванова, В. М. Прохоренко, А. Ф. Гусев _gФедеральное государственное бюджетное учреждение "Новосибирский научно-исследовательский институт травматологии и ортопедии имени Я. Л. Цивьяна" Министерства здравоохранения Российской Федерации |
|
| 203 |
_aТекст _bвизуальный _cнепосредственный |
||
| 210 |
_aНовосибирск _cННИИТО _d2025 |
||
| 215 |
_a31 с. _cцв. ил., табл. _d21 |
||
| 300 | _aНа обороте тит. с. авт.: Кирилина С. И., д-р мед. наук, Иванова Е. Ю., врач анестезиолог-реаниматолог, Прохоренко В. М., д-р мед. наук, проф., Гусев А. Ф., канд. мед. наук | ||
| 320 | _aБиблиогр.: с. 25-27 (16 назв.) | ||
| 606 | 1 |
_aКишечник пожилых и старых людей _xПатология при эндопротезировании тазобедренного сустава _xРоль сахарного диабета _jУчебные издания _2nlr_sh2 _3RU\NLR\AUTH\6601761450 |
|
| 606 | 1 |
_aПожилые и старые люди _xПитание _xНарушения при эндопротезировании тазобедренного сустава _xРоль сахарного диабета _jУчебные издания _2nlr_sh2 _3RU\NLR\AUTH\6601761452 |
|
| 686 | 1 | _aР457.845.1-99я77 | |
| 686 | 1 | _aР415.160.23-7я77 | |
| 686 | 1 | _aР415.202.2-37я77 | |
| 686 | 1 | _aР413.302-37я77 | |
| 701 | 1 |
_aКирилина _bС. И. _gСветлана Ивановна |
|
| 701 | 1 |
_aИванова _bЕ. Ю. _cанестезиолог-реаниматолог _gЕлена Юрьевна _3RU\NLR\AUTH\770285247 |
|
| 701 | 1 |
_aПрохоренко _bВ. М. _gВалерий Михайлович _3RU\NLR\AUTH\7795624 |
|
| 701 | 1 |
_aГусев _bА. Ф. _cканд. мед. наук, медицина катастроф _gАркадий Фёдорович _3RU\NLR\AUTH\770245726 |
|
| 942 | _cBOOK | ||
| 980 | _aNB | ||